000 00842nam a2200253Ia 4500
003 OSt
005 20220927105532.0
006 a|||||r|||| 00| 0
007 ta
008 220926b |||||||| |||| 00| 0 eng d
024 _a171839
037 _cReference Collections
040 _aRTL
_cRTL
_beng
041 _2eng
_aeng
082 _a"V1N45,93:3(Y:414).N80r, M0-4/UN"
110 _a"United Nations, Economic and social council."
_9353648
245 0 _aCommission on narcotic drngs report on the Sixth speical session
_b Official records
260 _aNew
_bYork U.N.
_c1980
300 _avi; 89p.
_ccm.
490 _aSupplement no.4
700 _a"United Nations, Economic and social council."
_9353649
942 _h"V1N45,93:3(Y:414).N80r, M0-4/UN"
_cCC
999 _c692894
_d692894